000 00700nam a2200253Ia 4500
003 OSt
005 20220918164737.0
006 a|||||r|||| 00| 0
007 ta
008 220917b |||||||| |||| 00| 0 eng d
020 _a0745603807
024 _a3,303
037 _cTextual
040 _aARTS
_cARTS
_beng
041 _2eng
_aeng
082 _aY:1.52.N, M6
100 _aBurke Peter
245 0 _aItalian renaissance
_b Culture and society in Italy
260 _aCambridge
_bPolity Press
_c1986
300 _avi,287p Bibliography
_ccm.
650 _aRENAISSANCE - ITALY; SOCIOLOGY
_920432
942 _hY:1.52.N, M6
_cTEXL
_2CC
999 _c126307
_d126307